00589nam a2200205Ia 4500001000700000003000500007008004100012010001100053040000900064082001700073100001800090245008900108260004400197300001100241440000500252500006100257503000500318650003200323650002800355Z_4944CHAP220113s1989 xx 000 0 und d a167999 cCHAP a001.6424 F5y aFlast, Robert a1-2-3 RUN 41 programas prácticos lotus 1-2-3 /cpor Robert Flast y Laurent Flast aMéxico, D. F. :bMc Graw-Hill,c1989 a293 p. a aTrad. De : 1-2-3 RUN! 41 ready to use lotus 1-2-3 models a aLenguajes de programación aLotus (Programación)